00844cam a2200253 a 450000100100000000500170001000800410002702000150006804000380008308200190012110000510014024500320019126000270022330000210025049000350027165000270030665000290033383000420036291000330040491000070043704900090044495201220045399900150057500000459420200929151451.0790517s1996 sp 000 d spa d a8489715092 aDO-SdBNPcNmLcUdOCoLCdUSlWdDLC a832.6bG599fau1 aGoethe, Johann Wolfgang Von,d1749-183291299510aFausto /cJohann W. Goethe. aMadrid :bAlba,c1996. a232 p. ;c21 cm.1 aGrandes obras de la literatura 4aTeatro alemán912996 4aLiteratura alemana93274 0aGrandes obras de la literatura913402 aCatalogación derivada / LC aWM aBNGR 001054708MOaGRbGRcHDd2010-03-25iLF1l0o832.6 G599faup4594-10r2020-06-25w2020-06-25y4ZPréstamo en sala c4402d4402